<?xml version="1.0" encoding="UTF-8"?>
<record
    xmlns:xsi="http://www.w3.org/2001/XMLSchema-instance"
    xsi:schemaLocation="http://www.loc.gov/MARC21/slim http://www.loc.gov/standards/marcxml/schema/MARC21slim.xsd"
    xmlns="http://www.loc.gov/MARC21/slim">

  <leader>01034nam a22002657a 4500</leader>
  <controlfield tag="005">20170124102923.0</controlfield>
  <datafield tag="010" ind1=" " ind2=" ">
    <subfield code="a">A-363669</subfield>
  </datafield>
  <datafield tag="020" ind1=" " ind2=" ">
    <subfield code="c">50.00</subfield>
  </datafield>
  <datafield tag="035" ind1=" " ind2=" ">
    <subfield code="a">A-363669</subfield>
  </datafield>
  <datafield tag="037" ind1=" " ind2=" ">
    <subfield code="b">Cen Lib/Ret</subfield>
  </datafield>
  <datafield tag="040" ind1=" " ind2=" ">
    <subfield code="a">DPL</subfield>
    <subfield code="b">HN</subfield>
  </datafield>
  <datafield tag="082" ind1=" " ind2=" ">
    <subfield code="a">780.1</subfield>
    <subfield code="b">&#x91C;&#x948;&#x928;&#x935;&#x93F;</subfield>
  </datafield>
  <datafield tag="100" ind1=" " ind2=" ">
    <subfield code="a">&#x91C;&#x948;&#x928;, &#x935;&#x93F;&#x91C;&#x92F; &#x932;&#x915;&#x94D;&#x937;&#x94D;&#x92E;&#x940; </subfield>
    <subfield code="9">42552</subfield>
  </datafield>
  <datafield tag="245" ind1=" " ind2=" ">
    <subfield code="a">&#x938;&#x902;&#x917;&#x940;&#x924;-&#x926;&#x930;&#x94D;&#x936;&#x928; /</subfield>
    <subfield code="c">&#x935;&#x93F;&#x91C;&#x92F; &#x932;&#x915;&#x94D;&#x937;&#x94D;&#x92E;&#x940; &#x91C;&#x948;&#x928; </subfield>
  </datafield>
  <datafield tag="246" ind1=" " ind2=" ">
    <subfield code="a">Sangeet-darshan</subfield>
    <subfield code="b">by Vijay Lakshmi Jain</subfield>
  </datafield>
  <datafield tag="260" ind1=" " ind2=" ">
    <subfield code="a">&#x91C;&#x94B;&#x927;&#x92A;&#x941;&#x930; </subfield>
    <subfield code="b">&#x930;&#x93E;&#x91C;&#x938;&#x94D;&#x925;&#x93E;&#x928;&#x940; &#x917;&#x94D;&#x930;&#x928;&#x94D;&#x925;&#x93E;&#x917;&#x93E;&#x930;</subfield>
    <subfield code="c">2004</subfield>
  </datafield>
  <datafield tag="270" ind1=" " ind2=" ">
    <subfield code="a">&#x938;&#x94B;&#x91C;&#x924;&#x940; &#x917;&#x947;&#x91F; &#x915;&#x947; &#x92C;&#x93E;&#x939;&#x930;</subfield>
    <subfield code="b">&#x91C;&#x94B;&#x927;&#x92A;&#x941;&#x930; </subfield>
  </datafield>
  <datafield tag="300" ind1=" " ind2=" ">
    <subfield code="a">146&#x92A;&#x943;. </subfield>
    <subfield code="c">20&#x938;&#x947;&#x92E;&#x940; (&#x938;&#x91C;&#x93F;&#x932;&#x94D;&#x926;)</subfield>
  </datafield>
  <datafield tag="500" ind1=" " ind2=" ">
    <subfield code="a">&#x938;&#x902;&#x926;&#x930;&#x94D;&#x92D; &#x936;&#x93E;&#x92E;&#x93F;&#x932; </subfield>
  </datafield>
  <datafield tag="650" ind1=" " ind2=" ">
    <subfield code="a">&#x915;&#x932;&#x93E; &#x915;&#x947; &#x909;&#x926;&#x94D;&#x926;&#x947;&#x936;&#x94D;&#x92F; </subfield>
    <subfield code="9">42553</subfield>
  </datafield>
  <datafield tag="650" ind1=" " ind2=" ">
    <subfield code="a">&#x915;&#x932;&#x93E; -- &#x938;&#x902;&#x917;&#x940;&#x924; </subfield>
    <subfield code="9">1054</subfield>
  </datafield>
  <datafield tag="650" ind1=" " ind2=" ">
    <subfield code="a">Purpose of art</subfield>
    <subfield code="9">42554</subfield>
  </datafield>
  <datafield tag="650" ind1=" " ind2=" ">
    <subfield code="a">Art -- Music</subfield>
    <subfield code="9">42555</subfield>
  </datafield>
  <datafield tag="942" ind1=" " ind2=" ">
    <subfield code="2">ddc</subfield>
    <subfield code="c">HN</subfield>
    <subfield code="h">780.1</subfield>
    <subfield code="m">&#x91C;&#x948;&#x928;&#x935;&#x93F;</subfield>
  </datafield>
  <datafield tag="999" ind1=" " ind2=" ">
    <subfield code="c">111387</subfield>
    <subfield code="d">111387</subfield>
  </datafield>
  <datafield tag="952" ind1=" " ind2=" ">
    <subfield code="0">0</subfield>
    <subfield code="1">0</subfield>
    <subfield code="4">0</subfield>
    <subfield code="7">0</subfield>
    <subfield code="a">L</subfield>
    <subfield code="b">L</subfield>
    <subfield code="d">2015-08-01</subfield>
    <subfield code="e">Cen Lib/Ret</subfield>
    <subfield code="g">50.00</subfield>
    <subfield code="l">1</subfield>
    <subfield code="o">780.1 &#x91C;&#x948;&#x928;&#x935;&#x93F;</subfield>
    <subfield code="p">A-363669</subfield>
    <subfield code="r">2022-04-04 00:00:00</subfield>
    <subfield code="s">2022-03-23</subfield>
    <subfield code="t">1</subfield>
    <subfield code="v">50.00</subfield>
    <subfield code="w">2015-08-01</subfield>
    <subfield code="y">HN</subfield>
  </datafield>
</record>
